[Event "Benidorm Bali op-A"]
[Site "Benidorm"]
[Date "2023.12.01"]
[Round "1"]
[White "Halmeenmaki, Tuomo"]
[Black "Moskalenko, Viktor"]
[Result "0-1"]
[WhiteElo "2065"]
[BlackElo "2427"]
[PlyCount "176"]
[EventDate "2023.12.01"]
[EventType "swiss"]
[EventRounds "9"]
[EventCountry "ESP"]
[SourceTitle "CB50_2023"]
[SourceDate "2023.12.13"]
[SourceVersion "1"]
[SourceVersionDate "2023.12.13"]
[SourceQuality "1"]

1. d4 g6 2. c4 Bg7 3. Nf3 d6 4. e4 Bg4 5. Be2 Nc6 6. Be3 e5 7. d5 Bxf3 8. Bxf3 Nd4 9. Nc3 Ne7 10. 0-0 0-0 11. Rb1 c6 12. dxc6 bxc6 13. b4 Rc8 14. a4 a5 15. b5 cxb5 16. Nxb5 Rxc4 17. Bxd4 exd4 18. Be2 Rc8 19. Nxd4 d5 20. exd5 Nxd5 21. Nb5 Nf4 22. Bf3 Qxd1 23. Bxd1 Rfd8 24. Bb3 Nd3 25. Rfd1 Rd7 26. Kf1 Rcd8 27. g3 Bf8 28. Bc2 Bc5 29. Bxd3 Rxd3 30. Rxd3 Rxd3 31. Ke2 Rd7 32. Rc1 Bb4 33. Rc2 Kg7 34. h4 Re7+ 35. Kf3 Re1 36. Nc3 Ra1 37. Na2 Be7 38. Re2 Bf6 39. Rc2 Rd1 40. Rc4 Bb2 41. Rc2 Rd3+ 42. Ke2 Rb3 43. Nc1 Bxc1 44. Rxc1 Rb4 45. Ra1 Kf6 46. Ra3 h5 47. Rc3 Rxa4 48. Rc5 Ra3 49. Rb5 a4 50. Ra5 Ra1 51. Kf3 a3 52. Kf4 Ra2 53. Ra6+ Ke7 54. f3 Ra1 55. Ke5 f6+ 56. Kf4 a2 57. Ra3 Ke6 58. Ra5 Kd6 59. Ra3 Kc5 60. Ra8 Kb4 61. Rb8+ Kc3 62. Rc8+ Kd3 63. Rd8+ Ke2 64. Re8+ Kf2 65. Ra8 Kg2 66. Ra3 Kh3 67. Ra8 Rg1 68. Rxa2 Rxg3 69. Ra6 f5 70. Ra1 Kxh4 71. Rh1+ Rh3 72. Rf1 g5+ 73. Kxf5 Rh2 74. Rg1 Rh3 75. Rf1 g4 76. fxg4 hxg4 77. Kf4 Rh2 78. Ra1 Rf2+ 79. Ke3 g3 80. Ra8 Rf7 81. Rh8+ Kg4 82. Ke2 g2 83. Rg8+ Kh3 84. Rh8+ Kg3 85. Rg8+ Kh2 86. Rh8+ Kg1 87. Ke1 Re7+ 88. Kd2 Re5 0-1

[Event "Mont de Marsan Christmas op"]
[Site "Mont de Marsan"]
[Date "2022.12.30"]
[Round "9"]
[White "Moskalenko, Viktor"]
[Black "Del Rey, Diego"]
[Result "1/2-1/2"]
[WhiteElo "2434"]
[BlackElo "2341"]
[PlyCount "39"]
[EventDate "2022.12.26"]
[EventType "swiss"]
[EventRounds "9"]
[EventCountry "FRA"]
[SourceTitle "EXT 2024"]
[Source "ChessBase"]
[SourceDate "2023.10.10"]
[SourceVersion "1"]
[SourceVersionDate "2023.10.10"]
[SourceQuality "1"]

1. d4 d5 2. c4 e6 3. Nc3 c5 4. e3 Nf6 5. Nf3 a6 6. dxc5 Bxc5 7. a3 0-0 8. b4 Ba7 9. Bb2 Nc6 10. Qc2 Qe7 11. Rd1 Rd8 12. Be2 dxc4 13. Rxd8+ Nxd8 14. Bxc4 b5 15. Bd3 Bb7 16. Ne4 Nxe4 17. Bxe4 Rc8 18. Bxh7+ Kh8 19. Qb1 Bxf3 20. gxf3 1/2-1/2

[Event "Sant Adria de Besos op"]
[Site "Sant Adria de Besos"]
[Date "2022.08.18"]
[Round "9"]
[White "Krishnan, Ritvik"]
[Black "Moskalenko, Viktor"]
[Result "1/2-1/2"]
[WhiteElo "1968"]
[BlackElo "2452"]
[PlyCount "99"]
[EventDate "2022.08.11"]
[EventType "swiss"]
[EventRounds "9"]
[EventCountry "ESP"]
[SourceTitle "CBM 209 Extra"]
[Source "ChessBase"]
[SourceDate "2022.09.30"]
[SourceVersion "1"]
[SourceVersionDate "2022.09.30"]
[SourceQuality "1"]

1. e4 e6 2. d4 d5 3. Nc3 Bb4 4. e5 c5 5. a3 Bxc3+ 6. bxc3 Ne7 7. Qg4 Kf8 8. Qd1 Qc7 9. Nf3 b6 10. a4 h6 11. a5 bxa5 12. Be2 Ba6 13. 0-0 Bxe2 14. Qxe2 Nd7 15. Ba3 Kg8 16. c4 dxc4 17. Qxc4 Nd5 18. Qe2 cxd4 19. Bd6 Qb6 20. Qd2 Nc3 21. Rfe1 Nb5 22. Reb1 a6 23. Ra4 Qc6 24. Nxd4 Qd5 25. Qxa5 Kh7 26. c4 Qxd4 27. cxb5 Qd3 28. Rab4 axb5 29. Qxb5 Qxb5 30. Rxb5 Ra7 31. h4 h5 32. R1b3 Rha8 33. Rf3 Nf8 34. Rb4 Kg8 35. Kh2 Ng6 36. g3 Ne7 37. Bxe7 Rxe7 38. g4 Ra5 39. Re3 hxg4 40. Rxg4 Rc7 41. Reg3 Rxe5 42. Rxg7+ Kf8 43. R7g5 Rxg5 44. Rxg5 Rc4 45. Kg3 Rc1 46. f3 Rh1 47. Kg4 Rg1+ 48. Kf4 Rh1 49. Kg3 Rg1+ 50. Kf4 1/2-1/2

[Event "Sant Adria de Besos op"]
[Site "Sant Adria de Besos"]
[Date "2022.08.14"]
[Round "5"]
[White "Fernandez Guillen, Ernesto J"]
[Black "Moskalenko, Viktor"]
[Result "1-0"]
[WhiteElo "2390"]
[BlackElo "2452"]
[PlyCount "100"]
[EventDate "2022.08.11"]
[EventType "swiss"]
[EventRounds "9"]
[EventCountry "ESP"]
[SourceTitle "CBM 209 Extra"]
[Source "ChessBase"]
[SourceDate "2022.09.30"]
[SourceVersion "1"]
[SourceVersionDate "2022.09.30"]
[SourceQuality "1"]

1. e4 e6 2. Nf3 d5 3. Nc3 Nf6 4. e5 Nfd7 5. d4 c5 6. Ne2 Nc6 7. c3 cxd4 8. cxd4 f6 9. Nf4 Bb4+ 10. Bd2 Qe7 11. Bxb4 Qxb4+ 12. Qd2 Qxd2+ 13. Kxd2 Ke7 14. Nd3 b6 15. Rc1 Bb7 16. h4 Rac8 17. b3 fxe5 18. dxe5 a5 19. Rh3 Ba6 20. Rg3 g6 21. Re1 Bxd3 22. Bxd3 Nc5 23. Bb1 Rhd8 24. Rg4 Ne4+ 25. Ke3 Nb4 26. h5 Nc2+ 27. Bxc2 Rxc2 28. hxg6 hxg6 29. Rxg6 Kf7 30. Rh6 Rg8 31. Rh7+ Rg7 32. Rxg7+ Kxg7 33. Nd4 Rxf2 34. Nxe6+ Kg8 35. Rc1 Rxa2 36. Rc8+ Kf7 37. Nf4 Nc5 38. Rc7+ Kf8 39. e6 Ra1 40. Ng6+ Kg8 41. Rc8+ Kg7 42. e7 Re1+ 43. Kf2 Nd3+ 44. Kg3 Kxg6 45. e8Q+ Rxe8 46. Rxe8 Nc5 47. Kf4 b5 48. Rg8+ Kf6 49. Rb8 b4 50. Rb5 Ne6+ 1-0

[Event "Barbera del Valles op 44th"]
[Site "Barbera del Valles"]
[Date "2022.07.10"]
[Round "7"]
[White "Del Amo Carbo, Jordi"]
[Black "Moskalenko, Viktor"]
[Result "0-1"]
[WhiteElo "2148"]
[BlackElo "2457"]
[PlyCount "62"]
[EventDate "2022.07.04"]
[EventType "swiss"]
[EventRounds "9"]
[EventCountry "ESP"]
[SourceTitle "EXT 2023"]
[Source "ChessBase"]
[SourceDate "2022.10.05"]
[SourceVersion "1"]
[SourceVersionDate "2022.10.05"]
[SourceQuality "1"]

1. d4 d6 2. Nf3 g6 3. c4 Bg7 4. e4 Bg4 5. Be2 Nd7 6. 0-0 e5 7. d5 Ne7 8. Nc3 0-0 9. Ne1 Bxe2 10. Qxe2 f5 11. f3 Nf6 12. Be3 Qd7 13. Nd3 h5 14. c5 f4 15. Bf2 g5 16. Rac1 g4 17. a4 a6 18. b4 g3 19. hxg3 fxg3 20. Bxg3 Ng6 21. f4 exf4 22. Bxf4 Ng4 23. Bg5 Rxf1+ 24. Qxf1 Rf8 25. Qe2 Bd4+ 26. Kh1 Qg7 27. e5 N6xe5 28. Ne4 Nxd3 29. Qxd3 Qxg5 30. Nxg5 Nf2+ 31. Kh2 Nxd3 0-1

[Event "Catalunya-chT Gp2"]
[Site "Barcelona"]
[Date "2022.02.12"]
[Round "4.1"]
[White "Moskalenko, Viktor"]
[Black "Panelo Munoz, Marcelo A"]
[Result "1/2-1/2"]
[WhiteElo "2470"]
[BlackElo "2327"]
[PlyCount "38"]
[EventDate "2022.01.22"]
[EventType "team-tourn"]
[EventRounds "9"]
[EventCountry "ESP"]
[SourceTitle "CBM 208 Extra"]
[Source "ChessBase"]
[SourceDate "2022.07.31"]
[SourceVersion "1"]
[SourceVersionDate "2022.07.31"]
[SourceQuality "1"]
[WhiteTeam "Colon Sabadell"]
[BlackTeam "Tres Peons"]
[WhiteTeamCountry "ESP"]
[BlackTeamCountry "ESP"]

1. d4 Nf6 2. Bg5 e6 3. e4 h6 4. Bxf6 Qxf6 5. Nc3 d6 6. Qd2 c6 7. Nf3 e5 8. d5 Bg4 9. Be2 Qd8 10. 0-0 Be7 11. Ne1 Bc8 12. Qd1 0-0 13. Bg4 Nd7 14. Qe2 Nf6 15. Bxc8 Rxc8 16. dxc6 bxc6 17. Nd3 Re8 18. Kh1 d5 19. f3 Qa5 1/2-1/2